[Event "10th Karen Asrian Memorial 2017"]
[Site "Jermuk"]
[Date "2017.06.23"]
[Round "3"]
[White "Pashikian, Arman"]
[Black "Yegiazaryan, Armenak"]
[Result "1-0"]
[WhiteElo "2603"]
[BlackElo "2301"]
[Annotator "TA"]
[PlyCount "119"]
[EventDate "2017.??.??"]
[EventType "swiss"]
[EventCountry "ARM"]
[SourceTitle "playchess.com"]
[Source "ChessBase"]
[SourceQuality "1"]

{[%evp 13,119,12,36,33,40,16,27,22,41,20,7,0,0,0,0,0,0,0,0,0,0,0,0,0,10,10,10,10,9,8,6,3,29,27,29,25,32,29,25,26,51,51,46,47,41,40,88,88,88,88,80,77,79,81,118,111,126,127,134,134,134,134,126,124,130,135,126,126,241,189,241,222,240,241,246,155,238,235,205,212,292,289,244,250,283,268,229,0,0,0,11,0,0,0,0,0,0,0,12838,12837,12837,12838,12838,12839,12842,12843,12845,12846]} 1. d4 d5 2. Nf3 Nf6 3. c4 c6 4. Nc3 dxc4 5. a4 Bf5 6. Ne5 Nbd7 7. Nxc4 Nb6 8. e3 {D17: Slav Defence: 5 a4 Bf5: Lines with 6 Nh4 and 6 Ne5} (8. Ne5 a5 9. f3 Nfd7 10. Nxd7 Nxd7 11. e4 Bg6 12. h4 h6 13. Qb3 Qc7 14. h5 Bh7 15. d5 Nc5 16. Qc4 e6 {1-0 (47) Navara,D (2737)-Ivanchuk,V (2738) Prague 2017}) 8... e6 9. a5 Nxc4 10. Bxc4 {White has an edge.} Ne4 $146 ({Predecessor:} 10... Bd6 11. f3 e5 12. dxe5 Bxe5 13. Qxd8+ Rxd8 14. e4 Be6 15. Bxe6 fxe6 {½-½ (32) Gagunashvili,M (2580)-Mchedlishvili,M (2630) Konya 2010}) 11. Qb3 Rb8 12. Nxe4 Bxe4 13. f3 Bd5 14. e4 Bxc4 15. Qxc4 a6 16. O-O (16. Bf4 $5 {[%cal Rf4b8]}) 16... Bd6 17. Bd2 O-O 18. f4 c5 19. d5 exd5 20. Qxd5 Bc7 21. Qxd8 Rbxd8 22. Bc3 Rfe8 23. Ra4 f6 24. g3 Rd7 25. Kf2 Kf7 26. Rc4 Bd8 27. Re1 Be7 28. e5 fxe5 29. Rxe5 Bf8 30. Rxe8 Kxe8 $16 {[%mdl 4096] Endgame KRB-KRB} 31. Re4+ Kf7 32. Kf3 g6 33. Re5 Rd1 34. Ke4 $1 Rh1 35. Rd5 Ke8 36. h4 Rg1 37. Kf3 Be7 38. h5 Rh1 39. hxg6 hxg6 40. g4 {[%cal Bg3g4,Bg4g5][%mdl 32]} Rf1+ (40... Rh3+ $16 41. Ke4 Rh4) 41. Ke4 $18 Rg1 (41... c4 {is a better defense.} 42. Rd4 Rg1) 42. g5 Rg2 43. Rd1 Rh2 44. Be5 Rh4 (44... Rh3 $16 {was worth a try.} 45. Kd5 Kf7) 45. Kd5 $1 {[%cal Rd5e6]} Kf7 46. Rd3 $1 {[%cal Rd3b3] And now Rb3 would win.} Rh1 47. Rb3 $1 Rd1+ 48. Kc4 Rd7 49. Rh3 $1 Bd8 {[#]} 50. Bc3 $2 ({Less strong is} 50. Kxc5 Ke6 $14) (50. Rh6 $1 $18 Be7 51. Rh7+ Ke6 52. Rg7) 50... Ke6 $11 51. Rh8 {Strongly threatening Rf8.} Bc7 52. Rf8 (52. Re8+ {with more complications.} Kf5 53. Rf8+ Kg4 54. f5 Kxg5 55. fxg6 Kxg6 56. Rf6+) 52... Rf7 53. Rxf7 Kxf7 54. Kxc5 {Hoping for b4. KB-KB} Ke6 55. b4 {[%cal Bb2b4,Bb4b5][%mdl 32]} Bd8 $2 {[%mdl 8192] [#]} (55... Bxf4 $11 56. Kb6 Kd5) 56. Bf6 $1 $18 {[%cal Rf6d8] White is clearly winning.} Bc7 {[#]} 57. Be5 $1 {[%cal Re5c7][%mdl 512]} Bd8 (57... Bxe5 58. fxe5) 58. Bd6 Kd7 59. Kd5 b6 60. b5 {Precision: White = 86%, Black = 45%.} 1-0

[Event "10th Karen Asrian Memorial 2017"]
[Site "Jermuk"]
[Date "2017.06.23"]
[Round "3"]
[White "Bortnyk, Olexandr"]
[Black "Torosyan, Norayr"]
[Result "1-0"]
[WhiteElo "2580"]
[BlackElo "2366"]
[Annotator "TA"]
[PlyCount "61"]
[EventDate "2017.??.??"]
[EventType "swiss"]
[EventCountry "ARM"]
[SourceTitle "playchess.com"]
[Source "ChessBase"]
[SourceQuality "1"]

{[%evp 12,61,20,0,0,4,-4,0,52,50,66,56,70,62,84,77,143,138,123,133,123,101,180,180,211,195,216,141,151,134,413,424,416,408,473,465,465,580,553,547,912,806,904,838,1717,1677,1591,977,977,967,946,933]} 1. e4 e5 2. Nf3 Nc6 3. d4 exd4 4. Nxd4 Bc5 5. Be3 Qf6 6. c3 Nge7 7. Bb5 Bb6 {C45: Scotch Game} 8. O-O O-O 9. a4 a5 (9... Qg6 $11) 10. Nc2 $14 Bxe3 11. Nxe3 d6 12. f4 Qh6 13. Nd2 f5 ({Better is} 13... Kh8) 14. exf5 $16 Bxf5 15. Nxf5 Nxf5 {[#]} 16. Qf3 $146 Nce7 (16... Rae8 $16) 17. Rae1 $18 ({Don't do} 17. Qxb7 $6 c6 $16) 17... c6 18. Bd3 Rae8 19. Nc4 d5 20. Nxa5 Qd6 $2 {[%mdl 8192]} (20... Nd6 $16 {was necessary.} 21. g3 Qh3) 21. Nxb7 {[%cal Ba5b7,Bb7c5,Bc5d7,Bd7e5][%mdl 32]} Qb8 {[#]} 22. Nc5 $1 Qxb2 23. Nd7 {White is clearly winning.} Rf7 24. Bxf5 Rxf5 25. Qe3 Rf7 26. Qe6 Qxc3 27. Ne5 Qc5+ 28. Kh1 Ref8 29. f5 d4 30. Nxf7 Rxf7 31. Rb1 {Precision: White = 87%, Black = 34%.} 1-0

[Event "10th Karen Asrian Memorial 2017"]
[Site "Jermuk"]
[Date "2017.06.23"]
[Round "3"]
[White "Arutinian, David"]
[Black "Melkumyan, Hrant"]
[Result "1/2-1/2"]
[WhiteElo "2527"]
[BlackElo "2624"]
[Annotator "TA"]
[PlyCount "61"]
[EventDate "2017.??.??"]
[EventType "swiss"]
[EventCountry "ARM"]
[SourceTitle "playchess.com"]
[Source "ChessBase"]
[SourceQuality "1"]

{[%evp 14,61,7,0,0,0,4,8,20,4,4,4,5,0,0,0,7,7,18,-50,-55,-47,-40,-37,-47,-50,0,0,7,-5,10,8,13,-3,10,32,54,60,60,32,41,27,86,16,29,0,93,0,25,0]} 1. c4 e6 2. Nf3 d5 3. d4 Nf6 4. e3 Be7 5. b3 O-O 6. Bd3 {D30: Queen's Gambit Declined: Systems without Nc3} (6. Bb2 c5 7. Bd3 Nc6 8. O-O cxd4 9. Nxd4 Nxd4 10. Bxd4 dxc4 11. Bxc4 Bd7 12. Nd2 Bc6 13. Nf3 Bd5 14. Rc1 Bxc4 15. Rxc4 Rc8 16. Bxa7 Rxc4 17. Qxd8 Rxd8 18. bxc4 Ra8 19. Bd4 Rxa2 {½-½ (63) So,W (2822)-Caruana,F (2817) chess.com INT 2017}) 6... c5 7. O-O dxc4 8. bxc4 {LiveBook: 9 Games. The position is equal.} Nc6 9. Bb2 Nb4 10. Be2 b6 11. Nbd2 Bb7 12. a3 Nc6 13. Bd3 Qc7 14. Qe2 Rad8 $146 ({Predecessor:} 14... Rfd8 15. Rad1 {½-½ (43) Riediger,M (2200)-Epding,O (2188) Bayern 2005}) 15. Nb3 Bd6 16. d5 (16. Rfe1 $11) 16... Ne5 $15 17. Nxe5 Bxe5 18. Bxe5 Qxe5 19. e4 exd5 (19... Rfe8 $15 20. f4 Qc7) 20. exd5 $11 Qd6 {Threatens to win with ...Nxd5!} 21. Rfd1 Bc8 22. h3 Rfe8 23. Qf3 Re5 24. a4 Rde8 25. a5 g5 26. axb6 axb6 27. Nd2 Kh8 (27... R5e7 $11 {remains equal.}) 28. Qg3 (28. Rdb1 $16) 28... Nh5 $1 {[%cal Rh5g3]} 29. Qf3 ({Better is} 29. Qh2 $11 Nf4 30. Bf1) 29... Nf6 $1 $16 30. Qg3 ({White should try} 30. Rdb1 $16) 30... Nh5 $1 $11 {[%cal Rh5g3]} 31. Qf3 {Precision: White = 48%, Black = 53%.} (31. Qh2 $5 {[%cal Rd2f3]} Nf4 32. Bf1 $14) 1/2-1/2

[Event "10th Karen Asrian Memorial 2017"]
[Site "Jermuk"]
[Date "2017.06.23"]
[Round "3"]
[White "Kotanjian, Tigran"]
[Black "Maghsoodloo, Parham"]
[Result "0-1"]
[WhiteElo "2486"]
[BlackElo "2584"]
[Annotator "TA"]
[PlyCount "92"]
[EventDate "2017.??.??"]
[EventType "swiss"]
[EventCountry "ARM"]
[SourceTitle "playchess.com"]
[Source "ChessBase"]
[SourceQuality "1"]

{[%evp 9,92,10,16,10,12,-5,26,-4,6,16,50,51,60,58,52,57,52,59,59,55,55,45,67,27,36,37,30,20,33,23,24,11,36,4,29,29,23,15,14,0,39,39,62,0,0,0,0,0,0,0,4,0,0,0,0,-28,-5,-45,-45,-45,-28,-28,-28,-29,0,-62,-62,-262,-236,-495,-434,-492,-486,-420,-487,-440,-438,-661,-644,-1753,-1698,-6395,-566,-5877,-5597]} 1. c4 Nf6 2. Nc3 e6 3. d4 Bb4 4. g3 d6 5. Bg2 O-O 6. Bd2 {E20: Nimzo-Indian: 4 g3 and 4 f3} (6. Qb3 $5 {[%cal Rb3b4]} c5 7. Nf3 $11) 6... c5 7. a3 Ba5 (7... Bxc3 $5 8. Bxc3 cxd4 9. Qxd4 Nc6 $11) 8. e3 {White has an edge.} Nc6 9. Nge2 Qe7 $146 ({Predecessor:} 9... a6 10. O-O Rb8 11. Qc2 Bd7 12. Rad1 Qe7 13. b3 cxd4 14. exd4 Rfc8 {0-1 (26) O'Connor,J (2147)-Short,N (2664) Bunratty 2015}) 10. O-O Rd8 11. d5 Ne5 12. b3 Rb8 13. f4 Ng6 14. e4 a6 15. h3 b5 16. Qc2 e5 17. f5 Nf8 18. g4 h6 19. Bf3 Rd7 20. Kg2 Rdb7 21. Rfb1 Bd7 22. b4 Bb6 23. cxb5 axb5 24. Qd3 cxb4 25. axb4 N6h7 26. Be3 (26. Rh1 $14) 26... Bxe3 27. Qxe3 Be8 28. Nc1 {[%cal Be2c1,Bc1b3,Bb3a5][%mdl 32]} Nd7 {[%cal Bf8d7,Bd7b6,Bb6c4][%mdl 32]} 29. Nb3 {[#] Strongly threatening Na5.} Nb6 30. Na5 Nc4 31. Qe1 Rc7 32. h4 Qd8 (32... Rbc8 $5 {[%cal Rc4a5]} 33. Nxc4 Rxc4 $11) 33. Kg3 g5 {aiming for ...Nxa5.} 34. h5 Nf6 35. Nd1 Rbc8 36. Rc1 Nb6 37. Nb2 (37. Nf2 $11) 37... Na4 $36 {[%mdl 2048] Black has some pressure.} 38. Nxa4 $2 {[#]} (38. Nd3 $15) 38... bxa4 39. Qe3 $2 (39. Rxc7 Qxc7 40. Qe3) 39... Rxc1 $19 40. Rxc1 Rxc1 41. Qxc1 Qb6 42. Nc6 {Black is clearly winning.} Kg7 43. Bg2 (43. Kg2 $142 Qa6 44. Kh1) 43... Qa6 44. Kf3 Qd3+ 45. Qe3 Qxe3+ 46. Kxe3 a3 {Precision: White = 39%, Black = 62%.} 0-1

[Event "10th Karen Asrian Memorial 2017"]
[Site "Jermuk"]
[Date "2017.06.23"]
[Round "3"]
[White "Visakh N R"]
[Black "Postny, Evgeny"]
[Result "0-1"]
[WhiteElo "2470"]
[BlackElo "2581"]
[Annotator "TA"]
[PlyCount "148"]
[EventDate "2017.??.??"]
[EventType "swiss"]
[EventCountry "ARM"]
[SourceTitle "playchess.com"]
[Source "ChessBase"]
[SourceQuality "1"]

{[%evp 29,148,10,16,8,8,7,12,14,29,31,44,18,30,14,20,19,25,0,9,14,22,0,0,0,8,16,11,14,18,3,53,-16,59,25,53,47,43,2,4,6,8,0,19,-29,-34,-53,-55,-52,-30,-51,-25,-25,-25,-25,-23,-17,-17,-17,-17,-87,-87,-87,-87,-87,-87,-108,-89,-318,-304,-353,-321,-358,-358,-358,-358,-358,-351,-351,-351,-353,-346,-335,-324,-378,-384,-377,-377,-510,-507,-495,-481,-548,-548,-548,-428,-387,0,-548,-529,-545,-519,-784,-885,-747,-721,-29988,-2038,-29985,-12844,-29990,-12846,-29989,-12846,-29990,-29991,-29991,-29992,-29992,-29993,-29993,-29994]} 1. e4 e5 2. Nf3 Nc6 3. Bb5 a6 4. Ba4 Nf6 5. O-O Be7 6. Re1 b5 7. Bb3 d6 8. c3 O-O 9. h3 Na5 10. Bc2 c5 11. d4 Qc7 12. Nbd2 {[%cal Bb1d2,Bd2f1,Bf1g3,Bg3f5][%mdl 32]} cxd4 13. cxd4 Nc6 14. d5 Nb4 15. Bb1 a5 $1 16. Nf1 {C99: Closed Ruy Lopez: Chigorin Defence: 11 d4 Qc7 12 Nbd2 cxd4} (16. a3 Na6 17. b4 Bd7 18. Qb3 axb4 19. axb4 Qb7 20. Bd3 Rfc8 21. Nf1 Bd8 22. Ng3 Bb6 23. Bg5 Ne8 24. Ne2 Nac7 {½-½ (58) Svidler,P (2727)-Akopian,V (2679) Dresden 2008}) 16... Na6 17. Be3 Qb8 $146 ({Predecessor:} 17... Bd7 18. Bd3 Rfc8 19. Rc1 Nc5 20. Ng3 Qb8 21. Nh4 Bd8 22. Nf3 Nxd3 23. Rxc8 Qxc8 24. Qxd3 {0-1 (52) Pungertnik,F (1700)-Korosec,S (1850) ICCF email 1999}) 18. Qd2 {The position is equal.} Bd8 19. Ng3 Ne8 20. Bd3 Bb6 21. Nh4 Bxe3 22. Rxe3 Nc5 23. Ngf5 Ra7 24. Rg3 f6 (24... Bxf5 $5 25. Nxf5 g6 $14) 25. Qe2 b4 26. Rc1 Bxf5 27. Nxf5 g6 28. Ne3 Rc7 29. Nc4 Rff7 30. Qe3 (30. Bc2 $14) 30... Qa7 (30... Nxd3 $11 31. Qxd3 Ng7) 31. Be2 (31. Bc2 {looks sharper.} Qa6 32. b3 Ng7 33. Rf3 Rc8 34. h4) 31... Nd7 32. Qxa7 Rxa7 33. Bg4 {[#] aiming for Be6.} Nc5 34. Re3 Rfc7 35. Bd1 Kf8 36. Nd2 Nd7 37. Ra1 a4 38. b3 a3 39. Be2 Nb6 40. Nc4 Nxc4 41. bxc4 Rcb7 42. Rb1 Nc7 43. Bg4 Ke7 44. Reb3 (44. h4 $11) 44... h5 $17 45. Bd1 Na6 46. Rg3 Kf7 47. Ba4 Nc5 48. Bb5 $2 (48. Bc2 $17) 48... Nxe4 $19 49. Re3 Nc3 50. Rxb4 Nxa2 51. Rbb3 {[#]} Nc3 $1 {[%cal Rc3b5][%mdl 512]} 52. Re1 (52. Rbxc3 a2) 52... Nxb5 53. cxb5 {[%mdl 4096] Endgame KRR-KRR} Ra5 ({Don't do} 53... a2 54. Ra1 $19) 54. b6 Rxd5 55. Rxa3 Rxb6 56. f4 Rdb5 57. fxe5 dxe5 58. Kh2 h4 59. Ra7+ Ke6 60. Rf1 Rb1 61. Rf2 R1b2 62. Rf1 Rb1 (62... g5 $142 63. Kg1 Rd2) 63. Rf2 $1 Rd1 64. Rh7 Rb4 65. Rh8 (65. Rh6 $142 Kf7 66. Rh7+ Kg8 67. Ra7) 65... f5 66. Ra2 Kf6 67. Ra7 Kg5 (67... Rbb1 $142 68. Ra6+ Kg5 69. Rxh4 Kxh4 70. g3+ Kg5 71. Ra2 Rh1+ 72. Kg2 Rbg1+ 73. Kf3 Rxh3 74. Ra7 Rhxg3+ 75. Kf2 Kf4 76. Ke2 Rh1 77. Kf2 e4 78. Rh7 Rxh7 79. Ke1 Rg2 80. Kf1 Kf3 81. Ke1 Rh1#) 68. Rah7 Rc1 (68... Rbb1 $142 69. Rxh4 f4 70. Rg4+ Kf5 71. Rf8+ Ke4 72. Rgxf4+ exf4 73. Re8+ Kf5 74. g4+ Kg5 75. Re2 f3 76. Re4 Rg1 77. h4+ Kh6 78. Kh3 Rg2 79. g5+ Kg7 80. Re7+ Kf8 81. Re8+ Kxe8 82. h5 Rh1#) 69. Rh6 Rc2 (69... f4 $142 70. Rc8 Rxc8 71. Rh7 Rc1 72. Rxh4 Rbb1 73. Rxf4 exf4 74. h4+ Kg4 75. h5 Rh1#) 70. Kh1 Rb1+ 71. Kh2 Rcc1 {[%csl Gb1][%cal Rc1h1] Black mates.} 72. Rxh4 f4 {[%csl Gb1][%cal Rc1h1]} 73. Rg4+ Kf5 {[%csl Gb1][%cal Rc1h1]} 74. Rf8+ Ke4 {Precision: White = 42%, Black = 57%.} 0-1

[Event "10th Karen Asrian Memorial 2017"]
[Site "Jermuk"]
[Date "2017.06.24"]
[Round "4"]
[White "Melkumyan, Hrant"]
[Black "Mousavi, Seyed Khalil"]
[Result "1-0"]
[WhiteElo "2624"]
[BlackElo "2435"]
[Annotator "TA"]
[PlyCount "91"]
[EventDate "2017.??.??"]
[EventType "swiss"]
[EventCountry "ARM"]
[SourceTitle "playchess.com"]
[Source "ChessBase"]
[SourceQuality "1"]

{[%evp 24,91,23,27,27,16,95,95,94,36,36,15,19,33,38,18,11,11,24,21,24,20,17,35,29,2,16,0,7,0,0,0,0,-9,-7,-7,0,0,0,0,0,0,0,0,0,0,0,0,0,0,19,21,29,35,55,23,21,8,8,13,62,74,146,130,4710,4686,2265,1846,6079,5795]} 1. c4 c5 2. Nf3 Nc6 3. Nc3 Nf6 4. e3 e6 5. d4 d5 6. cxd5 exd5 7. Bb5 Bd6 8. dxc5 Bxc5 9. O-O O-O 10. b3 Bg4 11. Be2 {D32: Tarrasch Defence: Sidelines and lines without g3} a6 12. Bb2 Qd6 13. h3 {LiveBook: 10 Games. White has an edge.} Bxf3 14. Bxf3 {[%cal Rc3d5] [#]} d4 $146 (14... Rad8 $11) ({Predecessor:} 14... Rad8 15. Ne2 Ne5 16. Nd4 Rfe8 17. g3 Ne4 18. Bg2 Qg6 {1-0 (42) Gheorghiu,F (2540)-Alburt,L (2515) USA 1979}) 15. Na4 $16 dxe3 16. Nxc5 ({White should play} 16. Bxf6 $16 gxf6 17. Bxc6 exf2+ 18. Kh1 bxc6 19. Qg4+ Kh8 20. Rad1) 16... Qxc5 $14 17. Rc1 (17. Bxf6 $5 gxf6 18. Bxc6 exf2+ 19. Rxf2 Qxc6 20. Qg4+ Kh8 21. Qh4 $14) 17... Qg5 18. Bxc6 bxc6 19. Bxf6 Qxf6 20. fxe3 Qe6 21. Qf3 Rac8 22. Rc5 Rfd8 23. Rfc1 {[%cal Rc5c6]} Rd6 24. Kh2 g6 25. Qg4 Qe8 26. R1c3 Rcd8 27. a3 Rf6 28. Qg5 Rdd6 29. Qe5 Rfe6 30. Qg3 Rd2 31. e4 Re2 32. e5 h5 33. Re3 Rxe3 34. Qxe3 $11 {[%mdl 4096] Endgame KQR-KQR} f6 {[%cal Re6e5]} 35. Qe4 fxe5 36. Ra5 Qf7 37. Rxa6 Qf4+ 38. Qxf4 exf4 {KR-KR} 39. h4 Kg7 $1 40. a4 {[%cal Ba3a4,Ba4a5,Ba5a6][%mdl 32]} Re3 41. Rb6 Rc3 42. a5 Rc2 ({Black should try} 42... c5) 43. Rb4 $16 g5 $2 {[%mdl 8192]} (43... f3 $16) 44. a6 $18 {White is clearly winning.} f3 {[#]} 45. Kg1 $1 g4 {[#]} 46. gxf3 $1 {Precision: White = 66%, Black = 41%.} 1-0

[Event "10th Karen Asrian Memorial 2017"]
[Site "Jermuk"]
[Date "2017.06.24"]
[Round "4"]
[White "Hovhannisyan, Robert"]
[Black "Mkrtchian, Lilit"]
[Result "1-0"]
[WhiteElo "2621"]
[BlackElo "2412"]
[Annotator "TA"]
[PlyCount "89"]
[EventDate "2017.??.??"]
[EventType "swiss"]
[EventCountry "ARM"]
[SourceTitle "playchess.com"]
[Source "ChessBase"]
[SourceQuality "1"]

{[%evp 19,89,-12,0,-80,-86,-95,-95,-87,-91,-129,-121,-140,-122,-127,-147,-128,-148,-140,-138,-127,-127,-151,-114,-106,-104,-108,-127,-176,0,-84,-50,-50,-45,-54,-16,-49,55,6,0,0,0,-77,-74,-65,325,318,318,318,318,318,414,393,460,522,491,444,574,574,574,574,574,574,5065,1434,1268,574,574,574,574,574,574,574]} 1. e4 e6 2. d4 d5 3. Nc3 Nf6 {[%cal Bg8f6,Bf6d7,Bd7c5,Bc5a4,Ba4b2][%mdl 32]} 4. e5 Nfd7 5. f4 c5 6. Nf3 Nc6 7. Be3 Be7 8. Qd2 a6 9. dxc5 Nxc5 {C11: French: Classical System: 4 e5 and 4 Bg5 dxe4} 10. Qf2 (10. O-O-O Qa5 11. Kb1 b5 12. h4 Bd7 13. g4 b4 14. Ne2 Ne4 15. Qe1 Rb8 16. Nc1 Nc3+ 17. bxc3 bxc3+ {1-0 (96) Najer,E (2679)-Korobov,A (2695) Poikovsky 2017}) 10... Qa5 {LiveBook: 5 Games} 11. Bd3 (11. Bd2 $11) 11... Na4 $1 $17 {Black is better.} 12. O-O Nxb2 13. Ne2 Qa3 14. Kh1 $146 ({Predecessor:} 14. f5 exf5 15. Nf4 Be6 16. Nh5 O-O 17. Qg3 {0-1 (41) Boni,R (1413)-Lipsits,S (1364) LSS email 2009}) 14... Nxd3 15. cxd3 Qxd3 16. Rad1 Qa3 17. f5 exf5 18. Nf4 Be6 19. Nh5 Rg8 20. Rb1 b5 21. Rb3 Qa4 22. Rc3 Rc8 23. Bg5 Qg4 $2 (23... Bxg5 $19 24. Nxg5 d4) 24. Bxe7 (24. Qb6 $11 {was the only way to keep the balance.} Bd7 25. Bxe7 Kxe7 26. Rfc1) 24... Nxe7 25. Rxc8+ Nxc8 26. Ng3 {[%cal Bh5g3,Bg3e2,Be2d4][%mdl 32]} g6 {Black wants to play ...Qb4.} 27. Ne2 Kf8 (27... Qb4 $15) 28. Ned4 {[%mdl 1024] White has compensation.} Kg7 29. Rc1 Re8 $1 30. Qd2 {[#]} (30. Rc7 $11 {remains equal.}) 30... Nb6 $1 {[%cal Rb6c4] Threatens to win with ...Nc4.} 31. h3 Qg3 $2 {[%mdl 8192]} (31... Qe4 $1 $15 {stays ahead.} 32. Nxe6+ Rxe6) 32. Kg1 $18 Nc4 {[#]} 33. Rxc4 $1 {[%mdl 512]} dxc4 (33... bxc4 34. Ne2 $18) 34. Ne2 Qxf3 ({Much worse is} 34... c3 35. Qxc3 (35. Nxg3 $2 {is the wrong capture.} cxd2 36. Nxd2 Bxa2 $19) (35. Qc1 Qxf3 36. gxf3 b4 $14) 35... Qxf3 36. gxf3) 35. gxf3 {[%cal Bg2f3,Bf3f4][%mdl 32]} Rc8 36. Nd4 {White is clearly winning.} Re8 37. f4 c3 38. Qxc3 Bxa2 39. e6 {Nxf5+ would kill now.} Kg8 40. Qc6 Kf8 41. Qd6+ Kg8 42. Qd7 (42. e7 $142 f6 43. Qxa6) 42... Rxe6 43. Nxe6 Bxe6 44. Qd8+ Kg7 45. Kf2 {Precision: White = 46%, Black = 46%.} 1-0

[Event "10th Karen Asrian Memorial 2017"]
[Site "Jermuk"]
[Date "2017.06.24"]
[Round "4"]
[White "Sengupta, Deep"]
[Black "Andriasian, Zaven"]
[Result "1/2-1/2"]
[WhiteElo "2594"]
[BlackElo "2622"]
[Annotator "TA"]
[PlyCount "130"]
[EventDate "2017.??.??"]
[EventType "swiss"]
[EventCountry "ARM"]
[SourceTitle "playchess.com"]
[Source "ChessBase"]
[SourceQuality "1"]

{[%evp 25,130,24,22,21,29,-10,0,-13,0,-4,33,0,146,49,52,58,55,15,9,9,9,8,6,2,50,0,0,0,0,-17,-44,-86,-86,-86,-86,-97,-100,-108,-101,-102,-105,-103,-102,-92,-89,-104,-89,-99,-92,-188,-187,-162,-82,-96,-78,-160,-173,-157,-100,-95,-91,-190,0,0,0,-181,-160,-139,-138,-116,-110,-88,-88,-88,0,-104,0,-83,-76,-74,-74,-69,-66,-91,-25,-62,-77,-53,0,-9,0,0,0,0,0,0,0,0,0,0,0,0,0,0,0,0,0]} 1. e4 c5 2. Nf3 d6 3. d4 cxd4 4. Nxd4 Nf6 5. Nc3 a6 6. Be3 Ng4 7. Bg5 h6 8. Bh4 g5 9. Bg3 Bg7 10. Be2 h5 11. h4 gxh4 12. Bxh4 Nc6 13. Nb3 Be6 14. Qd2 {B90: Sicilian Najdorf: Unusual White 6th moves, 6 Be3 Ng4 and 6 Be3 e5} Rc8 (14... Qb6 15. Nd5 Bxd5 16. exd5 Nce5 17. Qa5 Qa7 18. c3 Ng6 19. Bg3 Be5 20. Bxg4 Bxg3 21. fxg3 hxg4 22. Rxh8+ Nxh8 {1-0 (32) Perunovic,M (2616)-Volokitin,A (2668) Calimanesti Caciulata 2016}) 15. Nd5 Bxb2 16. Rb1 Bg7 (16... Bf6 $5) 17. c4 $146 ({Predecessor:} 17. Bg5 Bxd5 18. exd5 Nce5 19. f3 Nxf3+ 20. gxf3 Bc3 21. Nd4 Bxd2+ {0-1 (21) Delgado,F-Casani,R IECG email 2001}) 17... Rg8 (17... Bxd5 $5 18. cxd5 Nce5 $11) 18. Kf1 Bf6 (18... Bxd5 $11 {keeps the balance.} 19. cxd5 Nce5) 19. Bxf6 (19. Bxg4 $1 $16 hxg4 20. Bxf6 exf6 21. Qf4 Bxd5 22. exd5) 19... Nxf6 $14 20. Nxf6+ exf6 21. Nd4 Nxd4 22. Qxd4 Qc7 {[%cal Re6c4]} 23. Rxh5 {With the idea Rh6.} Ke7 $1 24. Rh6 Rg6 25. Rxg6 fxg6 26. Kg1 Bxc4 27. Rc1 {[%cal Rc1c4]} b5 28. Qd2 Qd7 29. Bxc4 Rxc4 $17 {[%mdl 4096] Endgame KQR-KQR} ({Reject} 29... bxc4 $6 30. Qh6 $11) 30. Re1 Qe6 31. Qe3 Rc5 32. a3 g5 33. Qf3 Kf7 34. Rd1 Rc4 35. Re1 Kg7 36. Qe3 Kg6 37. f4 (37. Qb6 $17 {is a better defense.}) 37... gxf4 $19 38. Qxf4 d5 (38... Kf7 $19 39. Qf2 Rxe4 40. Rxe4 Qxe4 41. Qa7+ Kg6 42. Qxa6 Qe3+ 43. Kf1 Qc5) 39. Qg3+ $17 Kf7 40. exd5 ({Better is} 40. e5) 40... Qxd5 41. Qh3 Qd4+ (41... Kg6 $142 42. Qg3+ Kh5) 42. Kf1 {[#] Qh5+ would kill now.} Kg6 43. Qh8 (43. Qe6 $17) 43... Qf4+ $2 (43... Qd7 $19 {Strongly threatening ...Rf4+.} 44. Qg8+ Kf5) 44. Kg1 $11 Qd4+ $2 (44... Qc7 $11) 45. Kf1 $1 $19 Qd5 {And now ...Rf4+ would win.} 46. Qe8+ Kg5 47. Kg1 Rg4 {[%csl Gg4][%cal Rd5g2]} 48. Qe3+ Kg6 {[%csl Gg4][%cal Rd5g2]} 49. Qe8+ Kg5 {[%csl Gg4][%cal Rd5g2]} 50. Qe3+ Kg6 {[%csl Gg4][%cal Rd5g2]} 51. Qe8+ {[#]} Qf7 $1 52. Qa8 Qc4 53. Qe8+ Kg5 $1 54. Qe3+ Qf4 (54... Kf5 $17 {Threatening ...Qd4.} 55. Rf1+ Rf4) 55. Qc5+ $11 Kg6 $1 56. Qc2+ Qf5 57. Qc6 {The position is equal.} Rc4 58. Qe8+ Kg5 59. Qg8+ Qg6 60. Qd5+ Qf5 (60... f5 $5 {[%cal Rg6b6]}) 61. Qg8+ Qg6 62. Qd5+ Kh6 (62... f5 $5 {[%cal Rg6b6]}) 63. Qd8 Qf5 64. Qh8+ Kg5 {White must now prevent ...Qc5+.} 65. Qg8+ Qg6 {Precision: White = 49%, Black = 56%.} (65... Kh5 $5 {[%cal Rf5c5]} 66. Re3 Rh4 $11) 1/2-1/2

[Event "10th Karen Asrian Memorial 2017"]
[Site "Jermuk"]
[Date "2017.06.24"]
[Round "4"]
[White "Maghsoodloo, Parham"]
[Black "Bortnyk, Olexandr"]
[Result "1/2-1/2"]
[WhiteElo "2584"]
[BlackElo "2580"]
[Annotator "TA"]
[PlyCount "83"]
[EventDate "2017.??.??"]
[EventType "swiss"]
[EventCountry "ARM"]
[SourceTitle "playchess.com"]
[Source "ChessBase"]
[SourceQuality "1"]

{[%evp 9,83,0,4,3,13,4,0,13,17,20,19,24,29,9,19,12,37,0,0,0,7,7,7,7,7,7,7,7,7,7,7,7,7,7,7,0,0,0,0,0,0,0,0,0,0,0,0,0,10,0,0,0,8,10,6,5,10,0,0,0,0,0,0,0,0,0,0,0,0,0,0,0,0,0,0,-45]} 1. d4 e6 2. Nf3 Nf6 3. Bf4 c5 4. e3 b6 5. Bd3 Bb7 6. O-O {A47: 1 d4 Nf6 2 Nf3 b6: Torre, London and Colle Systems} Be7 7. h3 (7. Nbd2 Nh5 8. c3 h6 9. Re1 Nc6 10. Rc1 O-O 11. Bb1 Rc8 12. Ne4 Nxf4 13. exf4 cxd4 14. Nxd4 Nxd4 15. Qxd4 {0-1 (50) Karjakin,S (2783)-Meier,G (2630) chess.com INT 2017}) 7... O-O 8. Nbd2 d6 9. c3 Re8 10. Qe2 Nbd7 11. Bh2 a6 12. a4 cxd4 13. cxd4 $146 ({Predecessor:} 13. exd4 Bf8 14. Rfe1 h6 15. c4 e5 16. dxe5 dxe5 17. Ne4 Nxe4 18. Bxe4 Bxe4 19. Qxe4 Nc5 20. Qg4 e4 21. Ne5 Qf6 22. b4 Nd3 23. Nxd3 exd3 24. c5 d2 {0-1 (24) Marjanovic,D (2340)-Predojevic,B (2623) Sarajevo 2015}) 13... Nd5 {The position is equal.} 14. Ne4 Nb4 15. Nxd6 Bxd6 16. Bxd6 Nxd3 17. Qxd3 Bxf3 $1 18. gxf3 e5 $1 19. Rad1 Qf6 20. dxe5 Qxf3 {...Re6 is the strong threat.} 21. Kh2 Nxe5 22. Bxe5 Rxe5 {[#]} 23. Qd8+ $1 {[%mdl 512]} Re8 (23... Rxd8 24. Rxd8+) 24. Qxb6 Rab8 25. Qd4 g6 26. Rd2 Re4 27. Qd6 Rbe8 28. Ra1 a5 29. Qg3 Qf6 30. Qd6 Qf3 31. b3 R4e5 32. Rg1 Qb7 33. Rd3 Rf5 34. Rg2 Rc8 35. Qd7 Qxd7 36. Rxd7 $11 {[%mdl 4096] Endgame KRR-KRR} Rc2 37. Kg3 Rg5+ 38. Kf3 Rf5+ 39. Ke4 Rb2 40. Rb7 Rh5 41. Kd3 Rxh3 42. Rg5 {Precision: White = 73%, Black = 78%.} 1/2-1/2